<?xml version='1.0' encoding='UTF-8'?>
  <record xmlns="http://www.loc.gov/MARC21/slim">
    <leader>00000cam a22000007i 4500</leader>
    <controlfield tag="001">ocm65060260</controlfield>
    <controlfield tag="003">OCoLC</controlfield>
    <controlfield tag="005">20250901153633.5</controlfield>
    <controlfield tag="008">900403s1689    fr            000 0 fre d</controlfield>
    <datafield tag="040" ind1=" " ind2=" ">
      <subfield code="a">NLGGC</subfield>
      <subfield code="b">dut</subfield>
      <subfield code="e">fobidrtb</subfield>
      <subfield code="c">NLGGC</subfield>
      <subfield code="d">QGJ</subfield>
      <subfield code="d">OCLCL</subfield>
      <subfield code="d">OCLCQ</subfield>
    </datafield>
    <datafield tag="029" ind1="0" ind2=" ">
      <subfield code="a">NLGGC</subfield>
      <subfield code="b">061008192</subfield>
    </datafield>
    <datafield tag="035" ind1=" " ind2=" ">
      <subfield code="a">(OCoLC)65060260</subfield>
    </datafield>
    <datafield tag="100" ind1="1" ind2=" ">
      <subfield code="a">Pardies, Ignace Gaston,</subfield>
      <subfield code="d">1636-1673.</subfield>
      <subfield code="1">https://id.oclc.org/worldcat/entity/E39PBJrC9QKM3ftVC6gHvTjjYP</subfield>
    </datafield>
    <datafield tag="245" ind1="1" ind2="0">
      <subfield code="a">Deux machines propres à faire les quadrans avec très-grande facilité /</subfield>
      <subfield code="c">par Ignace Gaston Pardies.</subfield>
    </datafield>
    <datafield tag="250" ind1=" " ind2=" ">
      <subfield code="a">3me éd.</subfield>
    </datafield>
    <datafield tag="260" ind1=" " ind2=" ">
      <subfield code="a">À Paris :</subfield>
      <subfield code="b">de l'imprimerie de Seb. Mabre-Cramoisy ...,</subfield>
      <subfield code="c">1689.</subfield>
    </datafield>
    <datafield tag="300" ind1=" " ind2=" ">
      <subfield code="a">X, 60 p. :</subfield>
      <subfield code="b">ill. ;</subfield>
      <subfield code="c">16 cm (12-o)</subfield>
    </datafield>
    <datafield tag="336" ind1=" " ind2=" ">
      <subfield code="a">tekst</subfield>
      <subfield code="b">txt</subfield>
      <subfield code="2">rdacontent/dut</subfield>
    </datafield>
    <datafield tag="337" ind1=" " ind2=" ">
      <subfield code="a">zonder medium</subfield>
      <subfield code="b">n</subfield>
      <subfield code="2">rdamedia/dut</subfield>
    </datafield>
    <datafield tag="338" ind1=" " ind2=" ">
      <subfield code="a">band</subfield>
      <subfield code="b">nc</subfield>
      <subfield code="2">rdacarrier/dut</subfield>
    </datafield>
    <datafield tag="500" ind1=" " ind2=" ">
      <subfield code="a">Impressum: À Paris, de l'imprimérie de Seb. Mabre-Cramoisy. Chez Florentin &amp; Pierre Delaulne, devant la Sorbonne à l'Empereur. 1689.</subfield>
    </datafield>
    <datafield tag="710" ind1="0" ind2=" ">
      <subfield code="a">Mabre-Cramoisy, Sebastien (II, wed., Parijs)</subfield>
      <subfield code="4">prt</subfield>
    </datafield>
    <datafield tag="710" ind1="0" ind2=" ">
      <subfield code="a">Delaulne, Pierre (II, Parijs)</subfield>
      <subfield code="4">prt</subfield>
      <subfield code="0">(NL-LeOCL)089786343</subfield>
    </datafield>
    <datafield tag="710" ind1="0" ind2=" ">
      <subfield code="a">Delaulne, Florentin (Parijs)</subfield>
      <subfield code="4">prt</subfield>
      <subfield code="0">(NL-LeOCL)089786335</subfield>
    </datafield>
    <datafield tag="936" ind1=" " ind2=" ">
      <subfield code="a">BATCHLOAD</subfield>
    </datafield>
  </record>